000 00818nam a2200301 a 4500
003 AR-BaBNM
005 20251128205932.0
008 082120s2002 ||||||||||||||000 | spa||
040 _cAR-BaBNM
100 1 _aObligado, Rafael
245 0 0 _aSantos Vega
_bleyendas argentinas : otros poemas
250 _a4ª ed.
260 _aBuenos Aires
_bHuemul
_c1969
300 _a133 p.
490 0 _aClásicos Huemul
_vv. 22
500 _aContiene vocabulario en p. 127
650 4 _aLITERATURA ARGENTINA
650 4 _aTEATRO POPULAR
650 4 _aPOESIA
650 4 _aCOSTUMBRES Y TRADICIONES
650 4 _aLEYENDAS
653 _aLITERATURA GAUCHESCA
655 _aLITERATURA
700 1 _aTarruella, Alfredo
_eprologuista
800 1 _aPellegrini, Juan Carlos
_edirector
942 _cBK
998 _cMARTIN
999 _c13373
_d13373